| 000 | 00370nam a22001337a 4500 | ||
|---|---|---|---|
| 082 | _aP-797 | ||
| 100 |
_aRabeel Ahmad _951474 |
||
| 245 | _aRoad Alignment at hillside development using geographic information system | ||
| 260 |
_aRisalpur, _bMCE, _c2016. |
||
| 300 |
_a109p. _bill. |
||
| 526 |
_a0 _b0 _c0 _dP_797 |
||
| 700 |
_aDr Muhammad Irfan _917128 |
||
| 942 |
_2ddc _cBK |
||
| 999 |
_c554152 _d554152 |
||